00727nam a2200205Ia 4500001002100000003000900021008004100030040002300071041001300094100001700107240006800124245005200192250001500244260002800259300001900287490003400306501012400340700002100464700003600485242-RAG yv sp (3138)IT-MiSPE171229s9999||||xx |||||||||||||| ||und|| aIT-MiSPEcIT-MiSPE aITALIANO aYves Raguin  aL'attention au mystère: Une entrée dans la vie spirituelle  0aGli spazi nella fedebSaggio di vita spirituale a1a ed. (v) aRomabEd. Paolinec1982 a149 p. c21 cm aLe ragioni della speranzav13 aEdizioni San Paolo srl - Piazza Soncino, 5 - 20092 CINISELLO BALSAMO (MI) (non commercial uses only) ® Copyright 2018 aDavid M. Turoldo aFrancesco Geremiag(traduzione)